Bandes dessinées adaptées en dessins animés - Statistiques

Statistiques générales
  • Ce quiz a été pris 146 fois
  • Le résultat moyen est 13 sur 20
Statistiques - réponses
Par images Réponse % Correct
Titeuf
100%
Astérix
99%
Marsupilami
95%
Tom-Tom et Nana
92%
Yakari
89%
Cédric
88%
Lucky Luke
87%
Spirou
86%
Les Sisters
82%
Les Schtroumpfs
80%
Lou!
75%
Kid Paddle
68%
Les Légendaires
48%
Iznogoud
44%
Blake et Mortimer
38%
Rahan
37%
Achille Talon
27%
Cubitus
20%
Papyrus
20%
Billy the Cat
13%
Aucun quiz correspondant
Distribution des résultats
% des personnes avec chaque résultat
Percentile par nombre de réponses
Votre historique - résultats
Vous n’avez pas pris ce quiz